[Event "GFBI I"]
[Site "SchemingMind.com"]
[Date "2023.05.20"]
[Round "-"]
[White "Steven DuCharme"]
[Black "Greg Magne"]
[Result "0-1"]
[WhiteCountry "USA"]
[BlackCountry "CAN"]
[WhiteElo "1481"]
[WhiteRD "60"]
[BlackElo "1862"]
[BlackRD "69"]
[GameID "734130"]

1. Nf3 Nf6 2. b3 d5 3. Bb2 c5 4. g3 Nc6 5. Bg2 e6 6. O-O Be7 7. d3 b6 8. Nbd2 Bb7 9. e4 Qc7 10. exd5 exd5
11. Re1 O-O-O 12. a3 Rhe8 13. Ng5 Bf8 14. Bxf6 Rxe1+ 15. Qxe1 gxf6 16. Bh3+ Kb8 17. Ngf3 Bg7 18. Rb1 Ne5 19. Nxe5 fxe5 20. f3 Bh6
21. Nf1 d4 22. Bg2 f5 23. a4 Re8 24. Qd1 e4 25. fxe4 fxe4 26. dxe4 Bxe4 27. Bxe4 Rxe4 28. Qh5 Qd6 29. Rd1 Qe6 30. Qf3 Re2
31. c3 Be3+ 32. Kh1 Rf2
0-1

[Event "GFBI I"]
[Site "SchemingMind.com"]
[Date "2023.05.21"]
[Round "-"]
[White "Greg Magne"]
[Black "Steven DuCharme"]
[Result "1-0"]
[WhiteCountry "CAN"]
[BlackCountry "USA"]
[WhiteElo "1835"]
[WhiteRD "65"]
[BlackElo "1442"]
[BlackRD "66"]
[GameID "734131"]

1. e4 e6 2. d4 d5 3. Nc3 Bb4 4. e5 h6 5. a3 Bxc3+ 6. bxc3 Ne7 7. Bd3 O-O 8. f4 Nf5 9. Ne2 Qh4+ 10. g3 Qh3
11. Kf2 b6 12. Qf1 Qxf1+ 13. Rxf1 a5 14. c4 Ba6 15. cxd5 Bxd3 16. cxd3 exd5 17. g4 Ne7 18. f5 f6 19. Nf4 fxe5 20. dxe5 Rc8
21. Bb2 c5 22. f6 gxf6 23. exf6
1-0

[Event "GFBI I"]
[Site "SchemingMind.com"]
[Date "2023.05.21"]
[Round "-"]
[White "Steven DuCharme"]
[Black "Derek Price"]
[Result "0-1"]
[WhiteCountry "USA"]
[BlackCountry "ENG"]
[WhiteElo "1481"]
[WhiteRD "60"]
[BlackElo "2364"]
[BlackRD "72"]
[GameID "734132"]

1. e4 c5 2. Nf3 d6 3. Bb5+ Nd7 4. O-O a6 5. Bxd7+ Bxd7 6. d4 cxd4 7. Nxd4 Nf6 8. Nc3 e6 9. Re1 Qc7 10. Be3 Be7
11. h3 b5 12. a3 O-O 13. Qd3 h6 14. f4 Rfe8 15. Rad1 Rad8 16. b4 Rc8 17. Bd2 e5 18. Nf5 Bxf5 19. exf5 exf4 20. Bxf4 Qxc3
21. Qxc3 Rxc3 22. Rd3 Rxc2
0-1

[Event "GFBI I"]
[Site "SchemingMind.com"]
[Date "2023.05.20"]
[Round "-"]
[White "Derek Price"]
[Black "Steven DuCharme"]
[Result "1-0"]
[WhiteCountry "ENG"]
[BlackCountry "USA"]
[WhiteElo "2364"]
[WhiteRD "72"]
[BlackElo "1481"]
[BlackRD "60"]
[GameID "734133"]

1. c4 e5 2. Nc3 Nc6 3. g3 Nf6 4. Bg2 Be7 5. Nf3 O-O 6. O-O d5 7. cxd5 Nxd5 8. Nxe5 Nxc3 9. Nxc6 Nxd1 10. Nxd8 Rxd8
11. Rxd1 c6 12. d4 Be6 13. e3 Rac8 14. Bd2 b6 15. b4 a6 16. Rdc1 Rd6 17. Rc2 b5 18. Rac1 Bd7 19. a3
1-0

[Event "GFBI I"]
[Site "SchemingMind.com"]
[Date "2023.05.25"]
[Round "-"]
[White "Steven DuCharme"]
[Black "maro"]
[Result "1-0"]
[WhiteCountry "USA"]
[BlackCountry "MEX"]
[WhiteElo "1515"]
[WhiteRD "60"]
[BlackElo "1464"]
[BlackRD "70"]
[GameID "734134"]

1. d4 Nf6 2. c4 b6 3. Nc3 e6 4. e4 c5 5. Nf3 cxd4 6. Nxd4 e5 7. Nc2 Bc5 8. Be2 Nc6 9. O-O d6 10. Be3 Bxe3
11. Nxe3 O-O 12. a3 Be6 13. b4 Nd4 14. Bd3 Qd7 15. f3 a6 16. a4 Nh5 17. Ne2 Nxe2+ 18. Qxe2 Nf4 19. Qd1 Nxd3 20. Qxd3 f5
21. exf5 Bxf5 22. Nxf5 Rxf5 23. Qd5+
1-0

[Event "GFBI I"]
[Site "SchemingMind.com"]
[Date "2023.05.25"]
[Round "-"]
[White "maro"]
[Black "Steven DuCharme"]
[Result "0-1"]
[WhiteCountry "MEX"]
[BlackCountry "USA"]
[WhiteElo "1467"]
[WhiteRD "64"]
[BlackElo "1554"]
[BlackRD "65"]
[GameID "734135"]

1. d4 Nf6 2. Nc3 d5 3. Nf3 a6 4. Bf4 Nc6 5. e3 Bg4 6. Be2 e6 7. O-O Bd6 8. h3 Bxf4 9. exf4 Bxf3 10. Bxf3 h5
11. Re1 Qd7 12. f5 O-O-O 13. fxe6 fxe6 14. Na4 b6 15. Qd3 Kb7 16. Be2 Nb8 17. b3 Ne4 18. c4 g5 19. c5 b5 20. c6+ Qxc6
21. Rec1 Qd6 22. Nb2 Rdg8 23. a4 c6 24. axb5 axb5 25. Ra2 g4 26. h4 g3 27. f3 Qf4 28. Rca1 Qxh4 29. Ra7+ Kc8 30. Bd1 Qh2+
31. Kf1 Qh1+ 32. Ke2 Qxg2+ 33. Ke3 Qf2+ 34. Kf4 Rg4+ 35. Ke5 Nd7+ 36. Kxe6 Re8+ 37. Kf7 Nd6#
0-1

[Event "GFBI I"]
[Site "SchemingMind.com"]
[Date "2023.05.21"]
[Round "-"]
[White "Steven DuCharme"]
[Black "mmccaffe"]
[Result "1/2-1/2"]
[WhiteCountry "USA"]
[BlackCountry "USA"]
[WhiteElo "1481"]
[WhiteRD "60"]
[BlackElo "1698"]
[BlackRD "73"]
[GameID "734136"]

1. c4 e5 2. g3 Nf6 3. Bg2 Nc6 4. Nc3 Bb4 5. Nd5 O-O 6. Nxb4 Nxb4 7. a3 Nc6 8. d3 d6 9. Nf3 Bg4 10. h3 Be6
11. b3 Nd7 12. Bb2 f5 13. O-O f4 14. e4 fxg3 15. fxg3 h6 16. d4 Nxd4 17. Nxd4 exd4 18. Bxd4 Qg5 19. Kh2 Ne5 20. Qe2 h5
21. Be3 Qg6 22. Rf4 Rxf4 23. Bxf4 Rf8 24. Bxe5 dxe5 25. Bf3 h4 26. gxh4 Qh6 27. Bg4 Bxg4 28. Qxg4 Qd2+ 29. Kh1 Rf2 30. Qe6+ Kh8
31. Qxe5 Qe3 32. Qe8+=
1/2-1/2

[Event "GFBI I"]
[Site "SchemingMind.com"]
[Date "2023.05.21"]
[Round "-"]
[White "mmccaffe"]
[Black "Steven DuCharme"]
[Result "1-0"]
[WhiteCountry "USA"]
[BlackCountry "USA"]
[WhiteElo "1698"]
[WhiteRD "73"]
[BlackElo "1481"]
[BlackRD "60"]
[GameID "734137"]

1. d4 d5 2. c4 e6 3. Nf3 Bb4+ 4. Bd2 Qe7 5. a3 Bxd2+ 6. Nbxd2 a5 7. e3 Nf6 8. Bd3 b6 9. O-O O-O 10. Ne5 c5
11. f4 g6 12. Qb3 Qd8 13. Ndf3 Ba6 14. cxd5 Bxd3 15. Qxd3 exd5 16. g4 c4 17. Qe2 Ne4 18. f5 f6 19. fxg6 fxe5 20. gxh7+ Kxh7
21. Nxe5 Ra7 22. Qg2 Rg7 23. Rxf8 Qxf8 24. Rf1 Qe7 25. Qh3+ Kg8 26. Qh5 Rg5 27. Qh6 Qg7 28. Qe6+
1-0

[Event "GFBI I"]
[Site "SchemingMind.com"]
[Date "2023.05.21"]
[Round "-"]
[White "Steven DuCharme"]
[Black "Phillip Beckett"]
[Result "1-0"]
[WhiteCountry "USA"]
[BlackCountry "ENG"]
[WhiteElo "1481"]
[WhiteRD "60"]
[BlackElo "1474"]
[BlackRD "58"]
[GameID "734138"]

1. e4 e5 2. Nf3 Nc6 3. Bb5 a6 4. Ba4 Nf6 5. O-O Be7 6. Re1 b5 7. Bb3 O-O 8. d4 d6 9. dxe5 Nxe5 10. Nxe5 dxe5
11. Qxd8 Rxd8 12. Bg5 Bb7 13. Bxf6 Bxf6 14. Nc3 c5 15. Bd5 Bxd5 16. Nxd5 Kf8 17. Rad1 Be7 18. g3 f6 19. Re2 Rd6 20. Red2 Rad8
21. Kf1 Kf7 22. Ke2 Bf8 23. Nc7 Rxd2+ 24. Rxd2 Rxd2+ 25. Kxd2 c4 26. Nxa6 b4 27. c3 bxc3+ 28. Kxc3 f5 29. Kxc4 Ke6 30. f3 fxe4
31. fxe4 g5 32. g4 h6 33. b4 Kd6 34. a4 Kc6 35. a5 Bd6 36. b5+ Kb7 37. Kd5
1-0

[Event "GFBI I"]
[Site "SchemingMind.com"]
[Date "2023.05.21"]
[Round "-"]
[White "Phillip Beckett"]
[Black "Steven DuCharme"]
[Result "1/2-1/2"]
[WhiteCountry "ENG"]
[BlackCountry "USA"]
[WhiteElo "1474"]
[WhiteRD "58"]
[BlackElo "1481"]
[BlackRD "60"]
[GameID "734139"]

1. e4 c6 2. d4 d5 3. Nc3 dxe4 4. Nxe4 Nf6 5. Ng3 g6 6. Nf3 Bg7 7. Bd3 O-O 8. O-O Bg4 9. c3 Re8 10. Be2 Bxf3
11. Bxf3 Nbd7 12. Ne4 Nxe4 13. Bxe4 Nf6 14. Bd3 Qc7 15. Qf3 e5 16. dxe5 Qxe5 17. Bd2 Nd5 18. Rfe1 Qd6 19. Rxe8+ Rxe8 20. Re1 Rxe1+
21. Bxe1 Qf4 22. Be4 Qc1 23. Qe2 Kf8 24. Bxd5 cxd5 25. Qd2 Qxd2 26. Bxd2 Ke7 27. Kf1 a6 28. Ke2 Ke6 29. Kd3 b5 30. Be3 h5
31. Bd4 Bf8 32. h3 f5 33. f4 Bd6 34. g3 h4 35. Bf2 hxg3 36. Bxg3 g5 37. h4 gxh4 38. Bxh4 Bxf4 39. Ke2 Bc1 40. b3 Ke5
41. Kf3 Bb2 42. Bg3+ Ke6 43. Be1 Bc1 44. Ke2 Bg5 45. Kd3 f4 46. Kd4 Kd6= 47. c4 Bf6+ 48. Kd3 bxc4+ 49. bxc4 dxc4+ 50. Kxc4 Kc6
51. Bf2 a5 52. a4 Bd8 53. Be1 Bb6 54. Kd3 f3 55. Bg3 Kd5 56. Bh4 f2 57. Ke2 Kc4 58. Bxf2 Bxf2 59. Kxf2 Kb3 60. Ke2 Kxa4
61. Kd2 Kb3 62. Kc1 Ka2 63. Kc2 a4 64. Kc1 a3 65. Kc2 Ka1 66. Kc1 a2=
1/2-1/2

[Event "GFBI I"]
[Site "SchemingMind.com"]
[Date "2023.05.21"]
[Round "-"]
[White "Steven DuCharme"]
[Black "private napoleon"]
[Result "0-1"]
[WhiteCountry "USA"]
[BlackCountry "ENG"]
[WhiteElo "1515"]
[WhiteRD "60"]
[BlackElo "1683"]
[BlackRD "86"]
[GameID "734140"]

1. Nf3 g6 2. c3 Bg7 3. d4 d6 4. h3 Nd7 5. g3 Ngf6 6. Bg2 O-O 7. Nbd2 c5 8. O-O Rb8 9. e4 b6 10. Re1 Bb7
11. d5 b5 12. Nf1 c4 13. Bg5 Nc5 14. N3h2 Nd3 15. Re2 Qb6 16. Be3 Qa5 17. a4 bxa4 18. Rxa4 Qb5 19. Rxa7 Nxb2 20. Qa1 Nd3
21. Rea2 Qd7 22. Nd2 Qc7 23. R2a4 Nd7 24. Rxc4 N3c5 25. Qa3 Ra8 26. Bxc5 dxc5 27. f4 Rxa7 28. Qxa7 Ra8 29. Qxa8+ Bxa8 30. Nb3 Qb6
31. Nd2 Qb2 32. Nhf1 Bxc3
0-1

[Event "GFBI I"]
[Site "SchemingMind.com"]
[Date "2023.05.21"]
[Round "-"]
[White "private napoleon"]
[Black "Steven DuCharme"]
[Result "1-0"]
[WhiteCountry "ENG"]
[BlackCountry "USA"]
[WhiteElo "1695"]
[WhiteRD "90"]
[BlackElo "1481"]
[BlackRD "60"]
[GameID "734141"]

1. e4 d6 2. d4 Nf6 3. Nc3 a6 4. Bc4 e6 5. Bb3 Be7 6. f4 Nbd7 7. Nf3 c5 8. Be3 O-O 9. O-O cxd4 10. Nxd4 Nc5
11. Qf3 Nxb3 12. Nxb3 Bd7 13. Rad1 Bc6 14. Nd4 Rc8 15. Nxc6 Rxc6 16. e5 Ne8 17. Kh1 d5 18. f5 Rxc3 19. bxc3 Qa5 20. f6 gxf6
21. exf6 Nxf6 22. Bh6
1-0

[Event "GFBI I"]
[Site "SchemingMind.com"]
[Date "2023.05.21"]
[Round "-"]
[White "Steven DuCharme"]
[Black "JimM"]
[Result "0-1"]
[WhiteCountry "USA"]
[BlackCountry "USA"]
[WhiteElo "1565"]
[WhiteRD "64"]
[BlackElo "1689"]
[BlackRD "84"]
[GameID "734142"]

1. g3 Nf6 2. Bg2 e5 3. d3 d5 4. Nf3 Nc6 5. O-O Be7 6. b3 O-O 7. Bb2 e4 8. dxe4 Nxe4 9. Nbd2 Bf6 10. Bxf6 Nxf6
11. h3 Re8 12. Re1 Bf5 13. Nh4 Be6 14. e4 dxe4 15. Nxe4 Nxe4 16. Bxe4 Bxh3 17. Kh2 Bd7 18. Qh5 g6 19. Nxg6 fxg6 20. Bxg6 hxg6
21. Qxg6+= Kf8 22. Qh6+ Kf7 23. Qh7+ Kf6 24. Qh6+ Kf5 25. Qh7+ Kg4 26. Qh3+ Kg5 27. Qh4+ Kg6 28. Qc4 Rh8+ 29. Kg1 Qf6
0-1

[Event "GFBI I"]
[Site "SchemingMind.com"]
[Date "2023.05.21"]
[Round "-"]
[White "JimM"]
[Black "Steven DuCharme"]
[Result "1-0"]
[WhiteCountry "USA"]
[BlackCountry "USA"]
[WhiteElo "1702"]
[WhiteRD "95"]
[BlackElo "1515"]
[BlackRD "60"]
[GameID "734143"]

1. e4 c5 2. Nf3 Nc6 3. d4 cxd4 4. Nxd4 g6 5. c4 Bg7 6. Be3 Qa5+ 7. Nc3 Nf6 8. Bd3 Nxd4 9. Bxd4 e5 10. Be3 O-O
11. O-O d6 12. Nb5 Rd8 13. a3 a6 14. b4
1-0

[Event "GFBI I"]
[Site "SchemingMind.com"]
[Date "2023.05.21"]
[Round "-"]
[White "Steven DuCharme"]
[Black "JAHI"]
[Result "0-1"]
[WhiteCountry "USA"]
[BlackCountry "INT"]
[WhiteElo "1481"]
[WhiteRD "60"]
[BlackElo "2146"]
[BlackRD "74"]
[GameID "734144"]

1. Nf3 e6 2. c4 d6 3. g3 h6 4. h4 e5 5. d3 Be7 6. Bg2 Kf8 7. O-O Nc6 8. Nc3 Nf6 9. e3 Bg4 10. Qb3 Bxf3
11. Bxf3 Qb8 12. Bd2 a6 13. Bxc6 bxc6 14. Qxb8+ Rxb8 15. b3 g6 16. Rfb1 Kg7 17. a4 d5 18. Ne2 Bb4 19. Bxb4 Rxb4 20. Nc1 Rhb8
21. f3 dxc4 22. dxc4 e4 23. fxe4 Nxe4 24. Nd3 Rxb3 25. Rxb3 Rxb3
0-1

[Event "GFBI I"]
[Site "SchemingMind.com"]
[Date "2023.05.21"]
[Round "-"]
[White "JAHI"]
[Black "Steven DuCharme"]
[Result "1-0"]
[WhiteCountry "INT"]
[BlackCountry "USA"]
[WhiteElo "2146"]
[WhiteRD "74"]
[BlackElo "1481"]
[BlackRD "60"]
[GameID "734145"]

1. b3 b6 2. Bb2 Bb7 3. a3 Nf6 4. a4 a5 5. d3 e6 6. Nd2 Be7 7. e3 O-O 8. e4 d6 9. Be2 Nbd7 10. Kf1 c5
11. Ngf3 Qc7 12. c3 d5 13. Qc2 dxe4 14. dxe4 Ba6 15. Bxa6 Rxa6 16. Rd1 Rd8 17. g3 Nf8 18. e5 Ng4 19. Qe4 f5 20. exf6 Nxf6
21. Qe2 Ra7 22. Kg2 Qc6 23. Nc4 Rad7 24. Ne5
1-0

[Event "GFBI I"]
[Site "SchemingMind.com"]
[Date "2023.05.21"]
[Round "-"]
[White "Steven DuCharme"]
[Black "guidoio"]
[Result "1-0"]
[WhiteCountry "USA"]
[BlackCountry "ITA"]
[WhiteElo "1565"]
[WhiteRD "64"]
[BlackElo "1330"]
[BlackRD "119"]
[GameID "734146"]

1. Nf3 c5 2. c4 Nc6 3. Nc3 d6 4. d4 cxd4 5. Nxd4 e5 6. Nxc6 bxc6 7. g3 Nf6 8. Bg2 Bd7 9. O-O h6 10. h3 Be7
11. Be3 a5 12. Na4 Rb8 13. Qc2 O-O 14. a3 c5 15. Nc3 Qb6 16. Rfb1 Be6 17. Nd5 Nxd5 18. cxd5 Bd7 19. b4 Qa6 20. Be4 Bxh3
21. Bd3 Qb7 22. bxc5 Qxd5 23. Be4
1-0

[Event "GFBI I"]
[Site "SchemingMind.com"]
[Date "2023.05.21"]
[Round "-"]
[White "guidoio"]
[Black "Steven DuCharme"]
[Result "0-1"]
[WhiteCountry "ITA"]
[BlackCountry "USA"]
[WhiteElo "1521"]
[WhiteRD "173"]
[BlackElo "1554"]
[BlackRD "65"]
[GameID "734147"]

1. c4 c5 2. Nc3 Nf6 3. d3 Nc6 4. Nf3 g6 5. e4 Bg7 6. Be2 d6 7. O-O O-O 8. h3 b6 9. Be3 Bb7 10. a3 h6
11. Rb1 e6 12. Qc1 Kh7 13. Nh2 a6
0-1

[Event "GFBI I"]
[Site "SchemingMind.com"]
[Date "2023.05.21"]
[Round "-"]
[White "Greg Magne"]
[Black "Derek Price"]
[Result "0-1"]
[WhiteCountry "CAN"]
[BlackCountry "ENG"]
[WhiteElo "1862"]
[WhiteRD "69"]
[BlackElo "2364"]
[BlackRD "72"]
[GameID "734148"]

1. e4 c5 2. Nf3 d6 3. d4 cxd4 4. Nxd4 Nf6 5. Nc3 a6 6. Bg5 e6 7. f4 Be7 8. Qf3 h6 9. Bh4 Qc7 10. O-O-O Nbd7
11. Bf2 b5 12. a3 Bb7 13. g4 Nc5 14. Bg2 Nfxe4 15. Rhg1 Nxf2 16. Qxf2 Bxg2 17. Rxg2 Qb7 18. Rg3 Rc8 19. g5 hxg5 20. fxg5 g6
21. Rf1 Rh7 22. Kb1 b4 23. axb4 Qxb4 24. h4 e5 25. Nde2 Rb8 26. Nd1 Ne4 27. Qg2 Nd2+
0-1

[Event "GFBI I"]
[Site "SchemingMind.com"]
[Date "2023.05.20"]
[Round "-"]
[White "Derek Price"]
[Black "Greg Magne"]
[Result "1-0"]
[WhiteCountry "ENG"]
[BlackCountry "CAN"]
[WhiteElo "2356"]
[WhiteRD "74"]
[BlackElo "1835"]
[BlackRD "65"]
[GameID "734149"]

1. c4 c5 2. Nf3 Nc6 3. Nc3 g6 4. e3 Bg7 5. d4 cxd4 6. exd4 e6 7. Be2 Nge7 8. d5 exd5 9. cxd5 Ne5 10. d6 N7c6
11. O-O O-O 12. Re1 Qa5 13. Nd5 b6 14. Nxe5 Bxe5 15. Bf3 Bxd6 16. Bd2 Qb5 17. Bc3 Bb4 18. Nxb4 Nxb4 19. Qd4 f6 20. Bxb4
1-0

[Event "GFBI I"]
[Site "SchemingMind.com"]
[Date "2023.05.25"]
[Round "-"]
[White "Greg Magne"]
[Black "maro"]
[Result "1-0"]
[WhiteCountry "CAN"]
[BlackCountry "MEX"]
[WhiteElo "1850"]
[WhiteRD "71"]
[BlackElo "1464"]
[BlackRD "70"]
[GameID "734150"]

1. e4 e5 2. Nf3 Nc6 3. Bb5 a6 4. Ba4 d6 5. d4 Bd7 6. Nc3 exd4 7. Nxd4 Nxd4 8. Bxd7+ Qxd7 9. Qxd4 f6 10. O-O Ne7
11. Be3 Nc6 12. Qd2 f5 13. Rad1 O-O-O 14. Kh1 Be7 15. f3 fxe4 16. Nxe4 h6 17. a4 Na5 18. Qd4 c5 19. Qxg7 Nc4 20. Bxc5 Rdg8
21. Qc3 b5 22. axb5 axb5 23. Bxd6 Bxd6 24. Nxd6+ Kc7 25. Nxc4 Qg7 26. Ne5+ Kb8 27. g3 h5 28. Rd7 Rc8 29. Nc6+
1-0

[Event "GFBI I"]
[Site "SchemingMind.com"]
[Date "2023.05.25"]
[Round "-"]
[White "maro"]
[Black "Greg Magne"]
[Result "0-1"]
[WhiteCountry "MEX"]
[BlackCountry "CAN"]
[WhiteElo "1467"]
[WhiteRD "64"]
[BlackElo "1804"]
[BlackRD "70"]
[GameID "734151"]

1. d4 d5 2. e4 dxe4 3. Nc3 Nf6 4. Bb5+ Bd7 5. Bf4 a6 6. Bc4 e6 7. Qe2 Bc6 8. O-O-O Bb4 9. Qe3 Nbd7 10. f3 exf3
11. Nxf3 Nb6 12. Ne5 Nxc4 13. Nxc4 Bxg2 14. Rhg1 Bd5 15. Nxd5 Nxd5 16. Qg3 Bf8 17. Na5 Nxf4 18. Qxf4 b6 19. Nc6 Qd6 20. Qf3 g6
21. d5 Bh6+ 22. Kb1 O-O 23. Rge1 exd5 24. Ne7+ Kh8 25. Qc3+ Bg7 26. Qb3 d4 27. c3 Rae8 28. Nd5 Rxe1 29. Rxe1 dxc3 30. bxc3 c5
31. Rd1 b5 32. Nb4 Qb6 33. Nd5 Qb8 34. Ne7 c4 35. Qc2 Qe5 36. Nd5 Rd8 37. Qg2 b4 38. Kc2 h6 39. Qf3 Qxh2+ 40. Kb1 bxc3
41. Nxc3 Rb8+
0-1

[Event "GFBI I"]
[Site "SchemingMind.com"]
[Date "2023.05.20"]
[Round "-"]
[White "Greg Magne"]
[Black "mmccaffe"]
[Result "1/2-1/2"]
[WhiteCountry "CAN"]
[BlackCountry "USA"]
[WhiteElo "1835"]
[WhiteRD "65"]
[BlackElo "1705"]
[BlackRD "74"]
[GameID "734152"]

1. d4 d5 2. c4 e6 3. Nc3 Nf6 4. Bg5 Be7 5. Nf3 Nbd7 6. e3 O-O 7. Bd3 h6 8. Bh4 b6 9. cxd5 Nxd5 10. Bxe7 Qxe7
11. O-O Bb7 12. Rc1 c5 13. Qd2 Rac8 14. dxc5 Nxc5 15. Be2 Rfd8 16. Qc2 Nxc3 17. Qxc3 Nd3 18. Qxd3 Rxd3 19. Bxd3 Rd8 20. Be2 g5
21. Rc2 g4 22. Nd4 h5 23. Rfc1 Qg5 24. Rc7 Bd5 25. Rxa7 e5 26. Nb5 h4 27. Rcc7 g3 28. hxg3 hxg3 29. e4 gxf2+ 30. Kxf2 Bxe4
31. Rxf7 Qxg2+ 32. Ke1 Qg1+ 33. Bf1 Qe3+ 34. Be2 Bd3 35. Rg7+ Kh8 36. Nc3 Bxe2 37. Rh7+=
1/2-1/2

[Event "GFBI I"]
[Site "SchemingMind.com"]
[Date "2023.05.20"]
[Round "-"]
[White "mmccaffe"]
[Black "Greg Magne"]
[Result "0-1"]
[WhiteCountry "USA"]
[BlackCountry "CAN"]
[WhiteElo "1705"]
[WhiteRD "74"]
[BlackElo "1835"]
[BlackRD "65"]
[GameID "734153"]

1. c4 e5 2. g3 f5 3. d4 exd4 4. Qxd4 Nc6 5. Qd1 Nf6 6. Nc3 Bb4 7. Bd2 O-O 8. Bg2 Qe7 9. Nf3 d6 10. e3 Be6
11. b3 Ne4 12. Qc2 Nxd2 13. Nxd2 a6 14. Nd5 Bxd5 15. Bxd5+ Kh8 16. a3 Bc5 17. b4 Bxe3 18. fxe3 Qxe3+ 19. Kd1 Rae8 20. Nf3 Nd4
21. Qg2 Qb3+ 22. Kc1 Re2 23. Qxe2 Nxe2+ 24. Kd2 Qb2+ 25. Kd3 c6 26. Rhb1 Nc1+ 27. Rxc1 cxd5 28. cxd5 Re8 29. Re1 Rxe1 30. Rxe1 Qxa3+
31. Kc2 h6
0-1

[Event "GFBI I"]
[Site "SchemingMind.com"]
[Date "2023.05.21"]
[Round "-"]
[White "Greg Magne"]
[Black "Phillip Beckett"]
[Result "1/2-1/2"]
[WhiteCountry "CAN"]
[BlackCountry "ENG"]
[WhiteElo "1835"]
[WhiteRD "65"]
[BlackElo "1468"]
[BlackRD "57"]
[GameID "734154"]

1. d4 d5 2. c4 e6 3. Nc3 Nf6 4. Bg5 Be7 5. Nf3 h6 6. Bh4 O-O 7. e3 Ne4 8. Bxe7 Qxe7 9. cxd5 Nxc3 10. bxc3 exd5
11. Bd3 Be6 12. O-O Nc6 13. h3 Rad8 14. e4 dxe4 15. Bxe4 Bd5 16. Bxd5 Rxd5 17. c4 Rdd8 18. d5 Ne5 19. Qb3 Nxf3+ 20. Qxf3 Rfe8
21. Rac1 Qe4 22. Qc3 Qe5 23. Qb3 b6 24. a4 Qd6 25. a5 c6 26. dxc6 Qxc6 27. axb6 axb6 28. Rb1 Re4 29. Qxb6= Qxb6 30. Rxb6 Rxc4
31. Rb7 Rdc8 32. Re1 R4c7 33. Rxc7 Rxc7=
1/2-1/2

[Event "GFBI I"]
[Site "SchemingMind.com"]
[Date "2023.05.21"]
[Round "-"]
[White "Phillip Beckett"]
[Black "Greg Magne"]
[Result "0-1"]
[WhiteCountry "ENG"]
[BlackCountry "CAN"]
[WhiteElo "1468"]
[WhiteRD "57"]
[BlackElo "1835"]
[BlackRD "65"]
[GameID "734155"]

1. e4 c5 2. Nf3 d6 3. d4 cxd4 4. Nxd4 Nf6 5. Nc3 a6 6. Bg5 e6 7. f4 b5 8. Qf3 Qc7 9. O-O-O Bb7 10. Bxf6 gxf6
11. Bd3 h5 12. Rhe1 Nd7 13. f5 Ne5 14. Qe2 Qd7 15. fxe6 fxe6 16. Qf2 Be7 17. Nf3 Nxd3+ 18. Rxd3 O-O-O 19. e5 d5 20. exf6 Bxf6
21. Ne5 Qg7 22. Nf3 Rhe8 23. Nd1 e5 24. Ng1 e4 25. Qc5+ Kb8 26. Rb3 h4 27. a4 bxa4 28. Rb6 Bd4 29. Rxb7+ Kxb7 30. Qb4+ Ka7
31. c3 Bb6 32. Qxa4 Qxg2 33. Ne2 Qf2 34. Nd4 Qxe1 35. Nc6+ Kb7 36. Nxd8+ Rxd8
0-1

[Event "GFBI I"]
[Site "SchemingMind.com"]
[Date "2023.05.21"]
[Round "-"]
[White "Greg Magne"]
[Black "private napoleon"]
[Result "1-0"]
[WhiteCountry "CAN"]
[BlackCountry "ENG"]
[WhiteElo "1862"]
[WhiteRD "69"]
[BlackElo "1695"]
[BlackRD "90"]
[GameID "734156"]

1. e4 e6 2. d4 d5 3. Nc3 Nf6 4. Bg5 Bb4 5. e5 h6 6. Bd2 Nfd7 7. f4 O-O 8. Nf3 f6 9. Bb5 fxe5 10. fxe5 c6
11. Bd3 Kh8 12. a3 Be7 13. Qe2 b6 14. O-O-O c5 15. Be3 c4 16. Bxc4 dxc4 17. Qxc4 Bb7 18. Qxe6 Bxf3 19. gxf3 Bg5 20. f4 Bxf4
21. Bxf4 Rxf4 22. Nb5 Qg5 23. Kb1 a6 24. Nd6 Qh4 25. Rhg1 Ra7 26. Nf7+ Kh7 27. Qg6+
1-0

[Event "GFBI I"]
[Site "SchemingMind.com"]
[Date "2023.05.22"]
[Round "-"]
[White "private napoleon"]
[Black "Greg Magne"]
[Result "0-1"]
[WhiteCountry "ENG"]
[BlackCountry "CAN"]
[WhiteElo "1683"]
[WhiteRD "86"]
[BlackElo "1850"]
[BlackRD "71"]
[GameID "734157"]

1. e4 e5 2. Nc3 Nc6 3. Bc4 Nf6 4. f4 Nxe4 5. Nf3 Nxc3 6. bxc3 d5 7. Bb5 e4 8. Bxc6+ bxc6 9. Ne5 Qf6 10. O-O Bd6
11. d4 exd3 12. Re1 O-O 13. cxd3 c5 14. d4 cxd4 15. cxd4 Qh4 16. Qe2 f6 17. Nf3 Qg4 18. g3 Bf5 19. Nh4 Qxe2 20. Rxe2 Be4
21. Bb2 Rab8 22. Rae1 c5 23. h3 Rb4 24. dxc5 Bxc5+ 25. Kh2 Ra4 26. Ba1 Ra3 27. Ng2 Bb6 28. g4 Bc7 29. Rf2 g5 30. Kg1 Rxh3
31. Bd4 Bxf4 32. Bxa7 Rg3 33. Bd4 Rxg4 34. a4 Bg3
0-1

[Event "GFBI I"]
[Site "SchemingMind.com"]
[Date "2023.05.21"]
[Round "-"]
[White "Greg Magne"]
[Black "JimM"]
[Result "1-0"]
[WhiteCountry "CAN"]
[BlackCountry "USA"]
[WhiteElo "1816"]
[WhiteRD "70"]
[BlackElo "1689"]
[BlackRD "84"]
[GameID "734158"]

1. e4 c5 2. Nf3 g6 3. d4 e6 4. d5 exd5 5. exd5 Nf6 6. c4 Bg7 7. Nc3 O-O 8. Be2 d6 9. O-O Re8 10. h3 Bf5
11. Bg5 Nbd7 12. Re1 Ne5 13. Nh4 Qd7 14. Nxf5 Qxf5 15. f4 h6 16. Bxf6 Bxf6 17. fxe5 Bxe5 18. Qd3 Bd4+ 19. Kh1 Be5 20. Qxf5 gxf5
21. Bf3 f6 22. Re2 Kf7 23. Rae1 a6 24. Bh5+ Ke7 25. Bxe8 Rxe8 26. Nd1 Kd7 27. b3 f4 28. Nf2 h5 29. Nd3 b6 30. Nxf4 Rg8
31. Nxh5 Rg6 32. g4 Ke7 33. Kg2 Kf7 34. Ng3 Rh6 35. Nf5 Rg6 36. Kf3 Kf8 37. a3 Rg8 38. b4 Rh8 39. h4
1-0

[Event "GFBI I"]
[Site "SchemingMind.com"]
[Date "2023.05.22"]
[Round "-"]
[White "JimM"]
[Black "Greg Magne"]
[Result "0-1"]
[WhiteCountry "USA"]
[BlackCountry "CAN"]
[WhiteElo "1701"]
[WhiteRD "90"]
[BlackElo "1804"]
[BlackRD "70"]
[GameID "734159"]

1. e4 c5 2. Nf3 d6 3. d4 cxd4 4. Nxd4 Nf6 5. Nc3 a6 6. h3 e5 7. Nf5 d5 8. Ng3 d4 9. Nce2 Bc5 10. Bd2 Nc6
11. Nc1 Be6 12. Nd3 Bb6 13. Be2 O-O 14. O-O Qd7 15. f4 Qc7 16. f5 Bd7 17. h4 Rac8 18. Nh5 Nxe4 19. Bg5 f6 20. Bc1 Nd6
21. Ng3 e4 22. Nf2 Nxf5 23. Nxf5 Bxf5 24. g4 Qg3+ 25. Kh1 Bc7
0-1

[Event "GFBI I"]
[Site "SchemingMind.com"]
[Date "2023.05.20"]
[Round "-"]
[White "Greg Magne"]
[Black "JAHI"]
[Result "1/2-1/2"]
[WhiteCountry "CAN"]
[BlackCountry "INT"]
[WhiteElo "1804"]
[WhiteRD "70"]
[BlackElo "2174"]
[BlackRD "76"]
[GameID "734160"]

1. d4 e6 2. e4 d6 3. c4 e5 4. d5 Be7 5. Nc3 Kf8 6. f4 c6 7. fxe5 dxe5 8. Nf3 Bg4 9. Be2 Bxf3 10. Bxf3 Nf6
11. O-O Kg8 12. Bg5 h6 13. Bh4 Nbd7 14. Kh1 Qc7 15. Bf2 Rd8 16. Rc1 Bc5 17. a3 Bxf2 18. Rxf2 Kh7 19. b4 Rhf8 20. d6 Qb8
21. c5 Kh8 22. Na4 b6 23. Rb2 b5 24. Nc3 Nh7 25. Ne2 Ng5 26. Ng3 a6 27. Nf5 Qb7 28. Qd3 Rde8 29. Ne7 Nf6 30. h4 Nxf3=
31. Qxf3 Rxe7 32. dxe7 Qxe7 33. Rd2 a5 34. g3 axb4 35. axb4 Qe6 36. Rd6 Qh3+ 37. Kg1 Ra8 38. Rcd1 Ng8 39. Qc3 Kh7 40. Qxe5 Ne7
41. R6d3 f6 42. Qxe7 Ra2 43. R1d2 Ra1+ 44. Rd1= Rxd1+ 45. Rxd1 Qxg3+ 46. Kf1 Qf3+ 47. Ke1 Qe3+ 48. Kf1 Qf3+ 49. Ke1 Qe3+ 50. Kf1 Qf3+
51. Ke1 Qe3+ 52. Kf1 Qf3+ 53. Ke1
1/2-1/2